Largest Countries with 1, 2, or No Borders - Statistics

General Stats
  • This quiz has been taken 49 times
  • The average score is 11 of 15
Answer Stats
Area (km^2) Area (sq mi) Border # Country % Correct
9,525,067 3,677,649 2 United States
100%
7,692,024 2,969,907 0 Australia
95%
9,984,670 3,855,100 1 Canada
95%
242,495 93,628 1 United Kingdom
90%
377,930 145,920 0 Japan
88%
587,041 226,658 0 Madagascar
86%
270,467 104,428 0 New Zealand
83%
343,448 132,606 0 Philippines
83%
450,295 173,860 2 Sweden
74%
1,564,110 603,910 2 Mongolia
71%
527,968 203,850 2 Yemen
57%
276,841 106,889 2 Ecuador
50%
462,840 178,700 1 Papua New Guinea
48%
163,610 63,170 2 Tunisia
38%
176,215 68,037 2 Uruguay
36%
No matching quizzes found
Score Distribution
Percent of People with Each Score
Percentile by Number Answered
Your Score History
You have not taken this quiz